000
00263 a2200121 4500
001
63618
082
_a
629.13232 SED
090
_c
37618
_d
37618
100
_a
Seddon J
245
_a
Intake Aerodynamics
260
_a
NY
_b
John Wiley
_c
1985
300
_a
442p
942
_a
NUST-CAE
_k
629.13232 SED
999
_c
298691
_d
298691